Pays où l'euthanasie est légale - Statistiques

Statistiques générales
  • Ce quiz a été pris 153 fois
  • Le résultat moyen est 6 sur 10
Statistiques - réponses
Année Pays % Correct
2002 Belgique
91%
? Suisse
90%
2016 Canada
76%
2002 Pays-Bas
76%
2021 Espagne
74%
2019 Allemagne
73%
2021 Portugal
67%
2009 Luxembourg
64%
1997 Colombie
9%
2019 Australie (dépend des états)
1%
Aucun quiz correspondant
Distribution des résultats
% des personnes avec chaque résultat
Percentile par nombre de réponses
Votre historique - résultats
Vous n’avez pas pris ce quiz